Biblioteca y Centro de Documentación

Informe previo IP 9/94 (Registro nro. 2437)

Detalles MARC
000 -CABECERA
Longitud fija campo de control 01121nam a2200301 c 4500
001 - NÚMERO DE CONTROL
Número de control 2437
003 - IDENTIFICADOR DE NÚMERO DE CONTROL
Identificador del número de control ES-MaCES
005 - FECHA Y HORA DE LA ÚLTIMA TRANSACCIÓN
Fecha y hora de la última transacción 20141221121612.0
008 - CAMPO FIJO DE DESCRIPCIÓN FIJA--INFORMACIÓN GENERAL
Códigos de información de longitud fija   941207s1994 sp ||| | spa d
035 ## - NÚMERO DE CONTROL DEL SISTEMA
Número de control del sistema CES19980024567m
040 ## - FUENTE DE CATALOGACIÓN
Centro catalogador de origen ES-MaCES
Lengua de catalogación spa
Centro transcriptor ES-MaCES
245 00 - MENCIÓN DE TÍTULO
Título Informe previo IP 9/94
Resto del título : sobre el Proyecto de decreto por el que se establece el destino de las aportaciones realizadas al Fondo de garantías de las sociedades de garantía recíproca : Sesion de la Comisión Permanente, 3-10-94
Mención de responsabilidad, etc. Consejo Económico y Social, Comunidad de Castilla y León
260 ## - PUBLICACIÓN, DISTRIBUCIÓN, ETC (PIE DE IMPRENTA)
Lugar de publicación, distribución, etc. [Valladolid?
Nombre del editor, distribuidor, etc. s.n.
Fecha de publicación, distribución, etc. 1994?]
300 ## - DESCRIPCIÓN FÍSICA
Extensión 5 h.
Dimensiones 30 cm
500 ## - NOTA GENERAL
Nota general Tít. tomado de la cub.
500 ## - NOTA GENERAL
Nota general Ejemp. mecanografiado
541 ## - NOTA DE LA FUENTE INMEDIANTE DE ADQUISICIÓN
Forma de adquisición Gratuito
650 #4 - ASIENTO SECUNDARIO DE MATERIA--TÉRMINO DE MATERIA
Término de materia o nombre geográfico como elemento inicial pequeña empresa
9 (RLIN) 30173
650 #4 - ASIENTO SECUNDARIO DE MATERIA--TÉRMINO DE MATERIA
Término de materia o nombre geográfico como elemento inicial financiación
9 (RLIN) 28125
650 #4 - ASIENTO SECUNDARIO DE MATERIA--TÉRMINO DE MATERIA
Término de materia o nombre geográfico como elemento inicial Castilla y León
9 (RLIN) 30782
650 #4 - ASIENTO SECUNDARIO DE MATERIA--TÉRMINO DE MATERIA
Término de materia o nombre geográfico como elemento inicial informe
9 (RLIN) 28986
650 #4 - ASIENTO SECUNDARIO DE MATERIA--TÉRMINO DE MATERIA
Término de materia o nombre geográfico como elemento inicial 1994
9 (RLIN) 30780
653 10 - TÉRMINO DE INDEXACIÓN--NO CONTROLADO
Término no controlado Financiación
710 2# - ENCABEZAMIENTO SECUNDARIO--NOMBRE CORPORATIVO
Nombre de entidad o nombre de jurisdicción como elemento inicial Consejo Económico y Social (Castilla y León)
9 (RLIN) 2405
902 ## - CES. TIPO DE DOCUMENTO
Tipodoc (006$c Sirtex) DOC Literatura gris
942 ## - ELEMENTOS KOHA
Fuente de clasificaión o esquema Clasificación propia del CES
Koha [por defecto] tipo de item Monografías
Parte de clasificación 0.0.
Existencias
Número de registro Tipo de item de Koha
007443 Monografías
© CES, Consejo Económico y Social de España 2021